| 000 | 00483nam a2200121Ia 4500 | ||
|---|---|---|---|
| 008 | 220615s9999||||xx |||||||||||||| ||und|| | ||
| 100 | _aEuropean Investment Bank | ||
| 245 | 4 |
_aThe EIB Group Climate Bank Roadmap 2021-2025 _bNov-20 |
|
| 546 | _aEnglish[eng] | ||
| 650 | _aBusiness & Economics||Finance | ||
| 856 | _uhttps://library.oapen.org/bitstream/20.500.12657/47407/1/QH0320785ENN.en.pdf||https://library.oapen.org/bitstream/20.500.12657/47407/1/QH0320785ENN.en.pdf | ||
| 942 | _cEB | ||
| 999 |
_c14214 _d14214 |
||